00415nam a2200109 a 4500008004100000050002400041110004700065245007900112260006200191300001900253650003300272140916s2013 ||||||||||||||||| || u aGOV.ZAM(058)ER/2013 aGovernment of the Republic of Zambia (GRZ)10aAnnual economic report 2013cby Government of the Republic of Zambia [GRZ] aLusaka:bGovernment of the Republic of Zambia (GRZ)c2013 axv, 68p.: ill. 0aECONOMIC DEVELOPMENT--ZAMBIA